| Tag |
First Indicator |
Second Indicator |
Subfields |
| LEADER |
00000cas a2200000Ia 4500 |
| 001 |
in00004112921 |
| 005 |
20200420140345.0 |
| 006 |
m o d |
| 007 |
cr ||||||||||| |
| 008 |
840606d19791979qucuu poo 0 a0eng d |
| 016 |
|
|
|a 840307705
|
| 022 |
|
|
|y 0822-7934
|l 0822-7934
|2 4
|
| 029 |
1 |
|
|a AU@
|b 000050334465
|
| 035 |
|
|
|a (OCoLC)ocn750374485
|
| 035 |
|
|
|a (OCoLC)750374485
|
| 040 |
|
|
|a LGG
|b eng
|c LGG
|d OCLCQ
|d OCLCF
|d OCLCO
|d TEF
|d JSTOR
|d CGU
|d OCLCQ
|d VT2
|d UAB
|d RCE
|d WY@
|d OCLCQ
|d CUS
|d TXA
|d UtOrBLW
|
| 049 |
|
|
|a TXAM
|
| 050 |
|
4 |
|a GN387
|b .N49 Electronic
|
| 082 |
0 |
4 |
|a 305.9/06918
|2 23
|
| 082 |
0 |
4 |
|a 305.9
|2 19
|
| 130 |
0 |
|
|a Newsletter (Commission on Nomadic Peoples)
|
| 245 |
1 |
0 |
|a Newsletter /
|c International Union of Anthropological and Ethnological Sciences, Commission on Nomadic Peoples.
|
| 246 |
1 |
6 |
|a Newsletter of the Commission on Nomadic Peoples, International Union of Anthropological and Ethnological Sciences
|
| 264 |
|
1 |
|a Montréal :
|b The Commission,
|c [1978]
|
| 300 |
|
|
|a 1 online resource
|
| 336 |
|
|
|a text
|b txt
|2 rdacontent
|
| 337 |
|
|
|a computer
|b c
|2 rdamedia
|
| 338 |
|
|
|a online resource
|b cr
|2 rdacarrier
|
| 362 |
0 |
|
|a No 3/4 (Nov. 1978/Sept. 1979).
|
| 538 |
|
|
|a Mode of access: World Wide Web.
|
| 500 |
|
|
|a Electronic resource.
|
| 650 |
|
0 |
|a Nomads
|v Periodicals.
|
| 650 |
|
6 |
|a Nomades
|v Périodiques.
|
| 650 |
|
7 |
|a Nomads.
|2 fast
|0 (OCoLC)fst01038439
|
| 655 |
|
7 |
|a Periodicals.
|2 fast
|0 (OCoLC)fst01411641
|
| 710 |
2 |
|
|a Commission on Nomadic Peoples,
|e issuing body.
|
| 776 |
0 |
8 |
|i Print version:
|t Newsletter (Commission on Nomadic Peoples)
|x 0822-7934
|w (DLC)cn 84030770
|w (OCoLC)10809748
|
| 780 |
0 |
0 |
|t Newsletter of the Commission on Nomadic Peoples, International Union of Anthropological and Ethnological Sciences
|
| 785 |
0 |
0 |
|t Nomadic peoples
|x 0822-7942
|w (DLC) 89655644
|w (OCoLC)9704736
|
| 948 |
|
|
|a cataloged
|b h
|c 2019/12/3
|d c
|e spoltoratski
|f 10:39:46 am
|
| 994 |
|
|
|a C0
|b TXA
|
| 999 |
f |
f |
|s de3afbaf-1cd6-3822-9421-eea0ef5a4792
|i fb422012-8582-3a09-a317-fd5a89538721
|t 0
|
| 952 |
f |
f |
|a Texas A&M University
|b College Station
|c Electronic Resources
|d Available Online
|t 0
|e GN387 .N49
|g Electronic
|h Library of Congress classification
|
| 998 |
f |
f |
|a GN387 .N49
|t 0
|l Available Online
|